| 000 | 00875nam a22002417a 4500 | ||
|---|---|---|---|
| 999 |
_c13288 _d13288 |
||
| 003 | AR-CdUCM | ||
| 008 | 190325b ||||| |||| 00| 0 spa d | ||
| 040 |
_aMUNICIPALIDAD PROVINCIAL DEL CUSCO _cBIBLIOTECA MUNICIPAL DEL CUSCO |
||
| 082 |
_aC / 869.56 / _bP46 |
||
| 245 | _aPerú territorio de la esperanza / | ||
| 260 |
_aCusco : _bUniversidad Nacional del Cuzco, _c1967. |
||
| 300 |
_a45 hojas ; _c21.5 cm. _bilustraciones, |
||
| 440 |
_aFacultad de Letras y Ciencias Humanas. Año 1. _n2 _931626 |
||
| 440 |
_aDepartamento de Literatura. _n3 _931627 |
||
| 500 | _aDonación familia Nieto. | ||
| 505 | _aContenido: Poesías. | ||
| 650 |
_aPoesía _9139 |
||
| 650 |
_aColección _92826 |
||
| 650 |
_aLiteratura peruana _9169 |
||
| 710 |
_aUniversidad Nacional del Cuzco : Facultad de letras y ciencias humanas _924040 |
||
| 942 |
_2ddc _cLIBROS |
||
| 945 |
_awfj _d2019-04-11 |
||